Normal view
MARC view
- Hilgers, Michael
Entry Personal Name
001 - CONTROL NUMBER
- control field: 127903
003 - CONTROL NUMBER IDENTIFIER
- control field: NUST
005 - DATE AND TIME OF LATEST TRANSACTION
- control field: 20250218150946.0
008 - FIXED-LENGTH DATA ELEMENTS
- fixed length control field: 250218|| aca||aabn | a|a d
040 ## - CATALOGING SOURCE
- Original cataloging agency: NUST
- Transcribing agency: NUST
100 ## - HEADING--PERSONAL NAME
- Personal name: Hilgers, Michael
670 ## - SOURCE DATA FOUND
- Source citation: Work cat.: (NUST): Hilgers, Michael, Electrical Systems and Mechatronics /, 2023.
